Online
Catalog

Hagas lo que hagas / (Record no. 39873)

MARC details
000 -CABECERA
campo de control de longitud fija 00579nam a2200169 a 4500
001 - NÚMERO DE CONTROL
campo de control 000040383
005 - FECHA Y HORA DE LA ÚLTIMA TRANSACCIÓN
campo de control 20201002034110.0
008 - DATOS DE LONGITUD FIJA--INFORMACIÓN GENERAL
campo de control de longitud fija 130823s2007 mx 000 0 spa d
020 ## - NÚMERO INTERNACIONAL ESTÁNDAR DEL LIBRO
Número Internacional Estándar del Libro 9789703251315
040 ## - FUENTE DE LA CATALOGACIÓN
Centro catalogador/agencia de origen DO-SdBNP
Lengua de catalogación spa
Centro/agencia transcriptor BNPHU
100 1# - ENTRADA PRINCIPAL--NOMBRE DE PERSONA
Nombre de persona Huxley, Aldous Leonard,
Fechas asociadas al nombre 1894-1963
9 (RLIN) 66680
245 10 - MENCIÓN DE TÍTULO
Título Hagas lo que hagas /
Mención de responsabilidad, etc. Aldous Huxley ; introducción Ignacio Solares.
260 ## - PUBLICACIÓN, DISTRIBUCIÓN, ETC.
Lugar de publicación, distribución, etc. México :
Nombre del editor, distribuidor, etc. Universidad Nacional Autónoma de México,
Fecha de publicación, distribución, etc. 2007.
300 ## - DESCRIPCIÓN FÍSICA
Extensión 274 p. ;
Dimensiones 21 cm.
500 ## - NOTA GENERAL
Nota general Incluye notas al pie de las páginas
700 1# - PUNTO DE ACCESO ADICIONAL--NOMBRE DE PERSONA
Nombre de persona Solares, Ignacio,
Fechas asociadas al nombre 1945-
9 (RLIN) 9756
Holdings
Estado de retiro Estado de pérdida Restricciones de uso No para préstamo Código de colección Localización permanente Ubicación/localización actual Ubicación en estantería Fecha de adquisición Número de inventario Total de préstamos Signatura topográfica completa Código de barras Fecha visto por última vez Precio válido a partir de Tipo de ítem Koha Número de copia
      Excluido de préstamo Monografías: Libros y Folletos General General En catalogación 23.08.2013 LF1   40383-10 25.06.2020 25.06.2020 No se presta  
      Excluido de préstamo Monografías: Libros y Folletos General General En catalogación 23.08.2013 LF1   40383-20 25.06.2020 25.06.2020 No se presta e. 3
      Excluido de préstamo Monografías: Libros y Folletos General General En catalogación 23.08.2013 LF1   40383-30 25.06.2020 25.06.2020 No se presta e. 2

Powered by Koha